00327nam a2200109Ia 4500008004100000082002000041100001800061245002200079260003000101630003300131650005300164211118s9999||||xx |||||||||||||| ||und|| a894.8123bRAY-J aRay, Satyajit 0aJai Baba Felunath bD c BooksaKottayamc1996 xMalayalam NovelGeneral Stack aMalayalam LiteraturevMalayalam FictionGeneralia